00300nam a2200133Ia 4500003000900000008004100009040001300050040001300063100002100076245004400097260001100141300000800152490000600160IT-RoPAU120407s9999 xx 000 0 und d aIT-RoPAU cIT-RoPAU aEmilio Caldirola aVerbale del processo di Gesù€ Nazareno aGuanda c cm v1